000 00308nam a22001337a 4500
008 170306b xxu||||| |||| 00| 0 eng d
020 _a9781609139063
041 _aeng
080 _212TH
_a611
100 _a6
101 _aSHM
245 _aTHE HUMAN BODY IN HEALTH AND DISEASE
_cHULL, K.L
942 _2udc
_cBK
999 _c6903
_d6903